书目信息 |
| 题名: |
布鲁诺传
|
|
| 作者: | 施捷克里 , Штекли 著 ;侯焕闳 译 | |
| 分册: | ||
| 出版信息: | 北京 三联书店 1986 |
|
| 页数: | 409页 | |
| 开本: | 19cm | |
| 丛书名: | ||
| 单 册: | ||
| 中图分类: | B546 | |
| 科图分类: | ||
| 主题词: | 哲学家--意大利--近代 , 哲学--欧洲 | |
| 电子资源: | ||
| ISBN: | ||
| 000 | 00899nam0 2200313 45 | |
| 001 | 0186002679 | |
| 005 | 20040422090731.6 | |
| 010 | @dCNY2.25 | |
| 091 | @a11002.683 | |
| 100 | @a19951106d1986 em y0chiy0121 ea | |
| 101 | 1 | @achi@crus |
| 102 | @aCN@b110000 | |
| 105 | @ac z 000yy | |
| 106 | @ar | |
| 200 | 10 | @a布鲁诺传@Abu lu nuo zhuan@f(苏)施捷克里(Штекли,А.)著@g侯焕闳译 |
| 210 | @a北京@c三联书店@d1986 | |
| 215 | @a409页@c肖像@d19cm | |
| 300 | @a书名原文:Джордано Бруно | |
| 510 | 1 | @aДжордано Бруно@zrus |
| 600 | 1 | @a布鲁诺@x传记 |
| 606 | @a哲学家@y意大利@z近代 | |
| 606 | 0 | @a哲学@x欧洲 |
| 690 | @aB546 | |
| 701 | 1 | @a施捷克里@bА.@4著@Ashi jie ke li |
| 701 | A1 | @aШтекли@bА.@4著 |
| 702 | 0 | @a侯焕闳@4译@Ahou huan hong |
| 801 | 0 | @aCN@b深圳图书馆@c20040422 |
| 801 | 2 | @aCN@bNLC@c20040422 |
| 905 | @f3@b166892-894@dB546@e2 | |
| 布鲁诺传/(苏)施捷克里(Штекли,А.)著/侯焕闳译.-北京:三联书店,1986 |
| 409页:肖像;19cm |
| 书名原文:Джордано Бруно |
| ISBN :CNY2.25 |
| ● |
| 相关链接 |
|
|
|
|
正题名:布鲁诺传
索取号:B546/2
 
预约/预借
| 序号 | 登录号 | 条形码 | 馆藏地/架位号 | 状态 | 备注 |
| 1 | 0166892 | 000578896 | 第一样本阅览室/ [索取号:B546/2] | 在馆 | |
| 2 | 0166893 | 000577619 | 第一借阅区/ [索取号:B546/2] | 在馆 | |
| 3 | 0166894 | 000578930 | 第一借阅区/ [索取号:B546/2] | 在馆 |